000 01513nam a2200313 a 4500
001 000123862
003 AM-YEHGA
005 20250617122613.0
008 980911s1987 ru ||||gr|||||||||0|rus|d
040 _aAM-YeHGA
041 1 _arus
_heng
100 1 _aФлейшер, М.
245 1 0 _aМикроскопическое определение прозрачных минералов /
_cМ. Флейшер, Р. Уилкокс, Дж. Матцко ; Пер. с англ. Т.В. Вараксиной, М.Г. Горской, Т.Н. Каминской ; Под ред. В.А. Франк-Каменецкого.
260 _aЛенинград :
_bНедра. Ленингр. отд-ние,
_c1987.
300 _a647 с. ;
_c23 см.
500 _aУказ. минералов: с. 625-644
504 _aБиблиогр. 123 назв.
534 _pОригинал на англ. :
_tMicroscopic Determination of the Nonopaque Minerals /
_aMichael Fleischer, Ray E. Wilcox, John J. Matzko -
650 1 4 _aОписательная минералогия. Специальное минераловедение
650 1 4 _aМинералы прозрачные
700 1 _aУилкокс, Р.
700 1 _aМатцко, Дж.
700 1 _aВараксина, Т.В.
_eпер.
_4trl
700 1 _aГорская, М.Г.
_eпер.
_4trl
700 1 _aКаминская, Т.Н.
_eпер.
_4trl
700 1 _aФранк-Каменцкий, В.А.
_eред.
_4edt
942 _2udc
_cBK
090 _c41529
999 _c40863
_d40863